000 01490cam a22003857a 4500
003 CHAP
005 20220329142647.0
008 010920d2001 mx r 00110 spa d
010 _a86118
011 _a87090
035 _a97631
040 _cCHAP
090 _aTesis
100 0 0 _aRosas Rendón, Sergio.
_9100044
245 1 0 _aComportamiento productivo de ovinos pelibuey alimentados con heno de pasto estrella africana (Cynodon plectostachyus) tratado con hidroxido de sodio (NaOH), en jaulas metabolicas
_c/por Sergio Rosas Rendon
260 _aCocula, Gro. :
_bEl autor,
_c2001.
300 _a35 h.
502 _aTesis (Ing. Agr. Zootecnista) -- Colegio Superior Agropecuario del Estado de Guerrero. Centro de Estudios Profesionales
590 _aALEPH
_b10
_c20130110
_lUCH01
_h1448
590 _aBATCH-UPD
_b10
_c20130109
_lUCH01
_h2354
590 _aBATCH-UPD
_b10
_c20130110
_lUCH01
_h0509
590 _aBATCH-UPD
_b10
_c20130410
_lUCH01
_h0147
590 _aBATCH-UPD
_b10
_c20130410
_lUCH01
_h1635
590 _aBATCH-UPD
_b10
_c20130914
_lUCH01
_h0700
590 _aBATCH-UPD
_b10
_c20130914
_lUCH01
_h2139
590 _aCONVERSION
_b10
_c20130109
_lUCH01
_h1348
650 1 4 _aBorrego Pelibuey.
_913937
650 1 4 _aCynodon plectostachyus.
_930802
650 1 4 _aGanado lanar
_xAlimentación.
_945153
650 1 4 _aHidroxido de sodio.
_955285
901 _aBK
905 _aAlejandra Carrasco M.
942 _cTESIS
949 _aTesis
_bBC
_cTES
_d33724000875217
_eTS1
_h39699
_i97631
_sb
999 _c86118
_d86118